000 01346nam a2200373 a 4500
001 24439
003 Mx-PuUPA
005 20250610151128.0
008 140415s2013 a gr 001 0 spa d
020 _a9786074214345
040 _aMx-PuUPA
_bspa
_cMx-PuUPA
_dMx-PuUPA
_erda
041 1 _aspa
_hfre
100 1 _aBataille, Georges,
_d1897-1962
_917157
_eautor
240 _aLes larmes d'Eros.
_lEspañol.
245 1 3 _aLas lágrimas de Eros /
_cGeorges Bataille ; iconografía en colaboración con J.M. Lo Duca ; traducción David Fernández
250 _a1a edición /
_babril
264 _aMéxico, D.F. :
_bTusquet Editores México
_c2013
300 _a266 páginas :
_bilustraciones (blanco y negro) ;
_c19 cm
336 _2rdacontent
_atexto
_btxt
337 _2rdamedia
_asin medio
_bn
338 _2rdacarrier
_avolumen
_bnc
490 0 _aMaxi
650 7 _aAmor en el arte
_2armarc
650 7 _2armarc
_aRelaciones sexuales
650 7 _2armarc
_aSexo en el arte
650 7 _2armarc
_aArte erótico
650 7 _2armarc
_aHallazgos
_xArte
_xHistoria
_zGrecia
700 1 _aLo Duca, J.M.
_ecolaborador
765 1 _aBataille, George
_tLes larmes d'Eros
942 _2ddc
_cLI
_h700.4543
999 _c24439
_d24439